000 00897nam a22002297a 4500
999 _c15915
_d15916
003 MIRAKIL
005 20240429120758.0
008 240422b tu ||||| |||| 00| 0 tur d
020 _a9789751749352
040 _aTR-AnCHP
_cTR-AnCHP
041 _atur
082 _a956.10154
_bK66b 2021
100 _aKorkmaz, Mehmet
245 1 0 _aBasra Körfezi'nde Osmanlı denizcilik faaliyetleri :
_b(1847-1914) /
_cMehmet Korkmaz.
260 _aAnkara :
_bTürk Tarih Kurumu,
_c2021.
300 _axii, 300 sayfa :
_bharita, tablo ;
_c24 cm
490 0 _aAtatürk Kültür, Dil ve Tarih Yüksek Kurumu Türk Tarih Kurumu yayınları, IV/A-2-2. dizi ;
_vsayı: 6
504 _aKaynakça: 235-251. sayfa
650 0 _9710
_aOsmanlı İmparatorluğu
_xDenizcilik
_y1847-1914
_zBasra Körfezi
856 _zDijital Nüshası için Partimizin Kütüphane Sorumlusu ile iletişime geçiniz.
942 _2ddc
_cBKS